QUEST Central Library Banner

Extreme Weather and Climate (Record no. 12609)

MARC details
000 -LEADER
fixed length control field 00475nam a22002057a 4500
020 ## - INTERNATIONAL STANDARD BOOK NUMBER
ISBN 0495118575
022 ## - INTERNATIONAL STANDARD SERIAL NUMBER
ISSN 978-0495118572
082 ## - DEWEY DECIMAL CLASSIFICATION NUMBER
Classification number 551.6AKR
100 ## - MAIN ENTRY--AUTHOR NAME
Personal name Ahrens C D
245 ## - TITLE STATEMENT
Title Extreme Weather and Climate
260 ## - PUBLICATION, DISTRIBUTION, ETC. (IMPRINT)
Place of publication Spain
Name of publisher Cengage Learning
Year of publication 2011
300 ## - PHYSICAL DESCRIPTION
Number of Pages 508
650 ## - SUBJECT ADDED ENTRY--TOPICAL TERM
Topical Term Climatic extremes
650 ## - SUBJECT ADDED ENTRY--TOPICAL TERM
Topical Term Meteorology
650 ## - SUBJECT ADDED ENTRY--TOPICAL TERM
Topical Term Severe storms
650 ## - SUBJECT ADDED ENTRY--TOPICAL TERM
Topical Term Weather forecasting
650 ## - SUBJECT ADDED ENTRY--TOPICAL TERM
Topical Term Weather
650 ## - SUBJECT ADDED ENTRY--TOPICAL TERM
Topical Term Climatology
942 ## - ADDED ENTRY ELEMENTS (KOHA)
Koha item type Books
Holdings
Withdrawn status Lost status Home library Current library Date acquired Cost, normal purchase price Full call number Accession Number Koha item type
    Central Library, QUEST, Nawabshah Seminar Library, Energy & Environ. Engg. 16/03/2015 7150.00 551.6AKR 51173 Books

Copyright © 2018,The QUEST, Nawabshah, Shaheed Benazirabad. All rights reserved
Mr. G. Farooq Channar (Librarian) QUEST, Nawabshah, Sindh, Pakistan 67480.
 Ph#: |   0244-9370381-4 Ext. 2308   Email| lib@quest.edu.pk   Web|  http://www.quest.edu.pk